Ciencias sociales 1 /
Guardado en:
| Autor Principal: | |
|---|---|
| Otros Autores: | , |
| Formato: | Libro |
| Publicado: |
Buenos Aires :
Sm,
2011
|
| Series: | Conecta 2.0
|
| Materias: | |
| Etiquetas: |
Agregar Etiqueta
Sin Etiquetas, Sea el primero en etiquetar este registro!
|
| LEADER | 01629nam a22002775a 4500 | ||
|---|---|---|---|
| 001 | CEM.cems013668 | ||
| 005 | 20120427164523.0 | ||
| 008 | 130507s2011##################000#0#####d | ||
| 003 | CEMS | ||
| 020 | |a 9789875735248 | ||
| 082 | 0 | 4 | |a Z302 |
| 100 | 1 | |a Musa, Marcelo Néstor | |
| 245 | 1 | 0 | |a Ciencias sociales 1 / |c Marcelo Néstor Musa, Norma Inés Vallejo, Marta Jurgensen; dirección Editorial: Lidia Mazzalomo; edición: María Julia Arcioni y Alicia Prieto |
| 260 | |a Buenos Aires : |b Sm, |c 2011 | ||
| 300 | |a 272 p. | ||
| 490 | 0 | |a Conecta 2.0 | |
| 500 | |a Incluye separata con planisferio político y físico.- | ||
| 505 | 0 | |a 1. El mundo: La realidad y su representación -- 2: El planeta y la relación sociedad-naturaleza -- 3: Un mundo superpoblado -- 4: La historia: Los seres humanos y el tiempo -- 6: Los primeros seres humanos -- 7: Los primeros americanos -- 8: El neolítico y el modo de vida sedentario -- 9: El antiguo cercano oriente -- 10: El Egipto de las priámides -- 11: Las sociedades agrícolas de América -- 12: La antigua Grecia y el imperio de Alejandro -- 13: Roma domina el mundo mediterráneo -- 14: La fragmentación del mundo mediterráneo -- 15: La Europa feudal -- 16: Expansión y crisi de la Europa feudal.- | |
| 653 | |a Ciencias sociales | ||
| 653 | |a 1º esb | ||
| 653 | |a 7º egb | ||
| 700 | 1 | |a Vallejo, Norma Inés | |
| 700 | 1 | |a Jurgensen, Marta I. | |
| 859 | |a CEMS |b BIB. CEMS - 11 de abril |h Z302 |i M971 |p 26345.12 |t Ej.1 |v 1º |3 1º | ||
| 859 | |a CEMS |b BIB. CEMS - 11 de abril |h Z302 |i M971 |p 26346.12 |t Ej.2 |v 1º |3 1º | ||
| 859 | |a CEMS |b BIB. CEMS - 11 de abril |h Z302 |i M971 |p 26347.12 |t Ej.3 |v 1º |3 1º | ||
